000 00916cam a22002774a 4500
008
020 _a0841236143 (alk. paper)
049 0 0 _aMAIN
090 _aTP1180.P67
_bOLE
245 0 0 _aOlefin polymerization :
_bemerging frontiers /
_cPalanisamy Arjunan, James E. McGrath, Thomas L. Hanlon, editors.
260 _aWashington, D.C. :
_bAmerican Chemical Society,
_cc2000.
300 _ax, 205 p. :
_bill. ;
_c24 cm.
440 0 _aACS symposium series ;
_v749
500 _aIncludes index.
504 _aIncludes bibliographical reference.
650 0 _aPolyolefins
_vCongresses.
650 0 _aPolymerization
_vCongresses.
700 1 _aArjunan, Palanisamy.
700 1 _aMcGrath, James E.
700 1 _aHanlon, Thomas L.
907 _a.b10172567
_b21-09-06
_c22-08-05
003
005 20230123134054.0
040 _cNUST
942 _cBOOKS
_kTP1180.P67
_mOLE
999 _c159546
_d159546